NLSUI OPAC header image

Commentary on the UNIDROIT Principles of International Commercial Contracts (Record no. 23157)

MARC details
000 -LEADER
fixed length control field 02083nam a2200217Ia 4500
003 - CONTROL NUMBER IDENTIFIER
control field OSt
005 - DATE AND TIME OF LATEST TRANSACTION
control field 20201230160448.0
008 - FIXED-LENGTH DATA ELEMENTS--GENERAL INFORMATION
fixed length control field 160316s2009 xxu||||| |||| 00| 0 eng d
020 ## - INTERNATIONAL STANDARD BOOK NUMBER
International Standard Book Number 9780199291755
040 ## - CATALOGING SOURCE
Transcribing agency NLS
082 ## - DEWEY DECIMAL CLASSIFICATION NUMBER
Classification number 340.900000
Item number VOG-1
100 ## - MAIN ENTRY--PERSONAL NAME
Personal name Vogenauer Stefan
245 ## - TITLE STATEMENT
Title Commentary on the UNIDROIT Principles of International Commercial Contracts
260 ## - PUBLICATION, DISTRIBUTION, ETC.
Place of publication, distribution, etc. Oxford
Name of publisher, distributor, etc. Oxford University Press
Date of publication, distribution, etc. 2009
300 ## - PHYSICAL DESCRIPTION
Extent 1319p
Dimensions ccxxx
365 ## - TRADE PRICE
Price amount Rs. 11,288
505 ## - FORMATTED CONTENTS NOTE
Formatted contents note CONTENTS SUMMERY<br/>Preface (Vogenauer and Kleinheisterkamp) vii; <br/>List of contributors (Vogenauer) xxi; <br/>Abbreviations (Vogenauer) xxiii; <br/>Table of transnational instruments (Vogenauer) xxxix; <br/>Table of national instruments (Vogenauer) lxvii; <br/>Table of cases (Vogenauer) Ixxix; <br/>NIDROIT Principles of International Commercial Contracts (2004)—Full text in all official language versions (Vogenauer) cxxiii; <br/>Generalbibliography(Vogenauer) ccxxx; <br/>INTRODUCTION (Vogenauer) 1; <br/>PREAMBLE I: PURPOSES, LEGAL NATURE, AND SCOPE OF THE PICC; APPLICABILITY BY COURTS; <br/>USE OF THE PICC FOR THE PURPOSE OF INTERPRETATION AND SUPPLEMENTATION AND AS A MODEL (Michaels) 21; <br/>PREAMBLE II: THE USE OF THE PICC IN ARBITRATION (Scherer) 81; <br/>CHAPTER 1: GENERAL PROVISIONS 111; <br/>CHAPTER 2: FORMATION AND AUTHORITY OF AGENTS 215;<br/>CHAPTER 3: VALIDITY 397; <br/>CHAPTER 4: INTERPRETATION 491; <br/>CHAPTER 5: CONTENT AND THIRD PARTY RIGHTS 540; <br/>CHAPTER 6: PERFORMANCE 611; <br/>CHAPTER 7: NON-PERFORMANCE 726; <br/>CHAPTER 8: SET-OFF 927; <br/>CHAPTER 9: ASSIGNMENT OF RIGHTS, TRANSFER OF OBLIGATIONS, ASSIGNMENT OF CONTRACTS 968; <br/>CHAPTER 10: LIMITATION PERIODS 1051; <br/>APPENDIX I: SYNOPSIS OF INSTRUMENTS: UNIDROIT PRINCIPLES OF INTERNATIONAL COMMERCIAL CONTRACTS (2004), INTERNATIONAL UNIFORM LAW CONVENTIONS, AND PRINCIPLES OF EUROPEAN CONTRACT LAW (Vogenauer) 1091; <br/>APPENDIX II: BIBLIOGRAPHY (Vogenauer) 1201; <br/>Index.<br/>
650 ## - SUBJECT ADDED ENTRY--TOPICAL TERM
Topical term or geographic name entry element 1. Conflict Of Laws - Contracts2. Contracts - International Law3. Civil Law - International Unification
700 ## - ADDED ENTRY--PERSONAL NAME
Personal name Kleinheisterkamp Jan
--
942 ## - ADDED ENTRY ELEMENTS (KOHA)
Source of classification or shelving scheme Dewey Decimal Classification
Koha item type BOOKs
Holdings
Withdrawn status Lost status Damaged status Not for loan Home library Current library Shelving location Date acquired Cost, normal purchase price Total Checkouts Full call number Barcode Date last seen Price effective from Koha item type
      Not For Loan . . REFERENCE SECTION 30.05.2017 11288.00   340.9 VOG-1 23634 30.05.2017 30.05.2017 BOOKs